Eastern Utah Libraries Catalog: Duchesne, Heber, Roosevelt, & Vernal

Bob the builder: The big dino dig, the movie (Record no. 276199)

MARC details
000 -LEADER
fixed length control field 02723ngm a2200613Ia 4500
001 - CONTROL NUMBER
control field ocn714895632
003 - CONTROL NUMBER IDENTIFIER
control field OCoLC
005 - DATE AND TIME OF LATEST TRANSACTION
control field 20231122133439.0
007 - PHYSICAL DESCRIPTION FIXED FIELD--GENERAL INFORMATION
fixed length control field vd cvaizq
008 - FIXED-LENGTH DATA ELEMENTS--GENERAL INFORMATION
fixed length control field 110426s2011 cau061 j vaeng d
020 ## - INTERNATIONAL STANDARD BOOK NUMBER
Terms of availability 9.98
024 1# - OTHER STANDARD IDENTIFIER
Standard number or code 884487110144
028 42 - PUBLISHER NUMBER
Publisher number H181588
Source Hit Entertainment
035 ## - SYSTEM CONTROL NUMBER
System control number (OCoLC)714895632
037 ## - SOURCE OF ACQUISITION
Source of stock number/acquisition Midwest Tape
Note http://www.midwesttapes.com
040 ## - CATALOGING SOURCE
Original cataloging agency TEFMT
Transcribing agency TEFMT
Modifying agency TEF
-- OCLCA
-- IEP
-- OCLCA
-- WACOL
Description conventions
041 0# - LANGUAGE CODE
Language code of text/sound track or separate title eng
-- spa
Language code of original and/or intermediate translations of text eng
049 ## - LOCAL HOLDINGS (OCLC)
Holding library WACL
050 #4 - LIBRARY OF CONGRESS CALL NUMBER
Classification number PN1997.2
Item number .B63 2011
082 04 - DEWEY DECIMAL CLASSIFICATION NUMBER
Classification number 791.43/72
Edition number 22
092 ## - LOCALLY ASSIGNED DEWEY CALL NUMBER (OCLC)
Classification number EDVD
Item number Bob
245 00 - TITLE STATEMENT
Title Bob the builder: The big dino dig, the movie
246 30 - VARYING FORM OF TITLE
Title proper/short title Big dino dig, the movie
246 30 - VARYING FORM OF TITLE
Title proper/short title Big dino dig
260 ## - PUBLICATION, DISTRIBUTION, ETC. (IMPRINT)
Place of publication, distribution, etc Santa Monica, Calif. :
Name of publisher, distributor, etc Lionsgate,
Date of publication, distribution, etc 2011.
264 ## - Production, Publication, Distribution, Manufacture, and Copyright Notice.
Place of production, publication, distribution, manufacture Santa Monica, Calif. :
Name of producer, publisher, distributor, manufacturer Lionsgate,
Date of production, publication, distribution, manufacture, or copyr 2011.
300 ## - PHYSICAL DESCRIPTION
Extent 1 videodisc (61 min.) :
Other physical details sd., col. ;
Dimensions 4 3/4 in.
500 ## - GENERAL NOTE
General note Title from container.
500 ## - GENERAL NOTE
General note Closed-captioned for the hearing impaired.
500 ## - GENERAL NOTE
General note Bonus material: "Diggin' it up" music video.
520 ## - SUMMARY, ETC.
Summary, etc Grab your shovels and join the fun as Bob the Builder and his terrific team dig up ancient surprises in this all-new movie. A new truck named Rubble joins the Can-Do Crew to help build an enormous amusement park, but when things get difficult with seagulls and impossible lumps, it's up to the team to work together to finish the job, unearthing some prehistoric dinosaur bones along the way.
521 8# - TARGET AUDIENCE NOTE
Target audience note Not rated.
538 ## - SYSTEM DETAILS NOTE
System details note DVD, widescreen presentation.
546 ## - LANGUAGE NOTE
Language note In English or Spanish.
650 #0 - SUBJECT ADDED ENTRY--TOPICAL TERM
Topical term or geographic name as entry element Bob the Builder (Fictitious character)
Form subdivision Juvenile films.
9 (RLIN) 5808536
650 #0 - SUBJECT ADDED ENTRY--TOPICAL TERM
Topical term or geographic name as entry element Excavations (Archaeology)
Form subdivision Juvenile films.
9 (RLIN) 6411504
650 #0 - SUBJECT ADDED ENTRY--TOPICAL TERM
Topical term or geographic name as entry element Dinosaurs
Form subdivision Juvenile films.
9 (RLIN) 5700776
650 #1 - SUBJECT ADDED ENTRY--TOPICAL TERM
Topical term or geographic name as entry element Bob the Builder (Fictitious character)
Form subdivision Drama.
9 (RLIN) 6474483
650 #1 - SUBJECT ADDED ENTRY--TOPICAL TERM
Topical term or geographic name as entry element Excavations (Archaeology)
Form subdivision Drama.
9 (RLIN) 6476187
650 #1 - SUBJECT ADDED ENTRY--TOPICAL TERM
Topical term or geographic name as entry element Dinosaurs
Form subdivision Drama.
9 (RLIN) 5674306
650 #7 - SUBJECT ADDED ENTRY--TOPICAL TERM
Topical term or geographic name as entry element Bob the Builder (Personaje literario)
Form subdivision Películas cinematográficas infantiles.
Source of heading or term bidex
9 (RLIN) 6476188
650 #7 - SUBJECT ADDED ENTRY--TOPICAL TERM
Topical term or geographic name as entry element Excavaciones arqueológicas
Form subdivision Películas cinematográficas infantiles.
Source of heading or term bidex
9 (RLIN) 6476189
650 #7 - SUBJECT ADDED ENTRY--TOPICAL TERM
Topical term or geographic name as entry element Dinosaurios
Form subdivision Películas cinematográficas infantiles.
Source of heading or term bidex
9 (RLIN) 6476190
655 #7 - INDEX TERM--GENRE/FORM
Genre/form data or focus term Short films.
Source of term lcgft
9 (RLIN) 102711
655 #7 - INDEX TERM--GENRE/FORM
Genre/form data or focus term Children's films.
Source of term lcgft
9 (RLIN) 5867008
655 #7 - INDEX TERM--GENRE/FORM
Genre/form data or focus term Animated films.
Source of term lcgft
9 (RLIN) 5867009
655 #0 - INDEX TERM--GENRE/FORM
Genre/form data or focus term Video recordings for the hearing impaired.
9 (RLIN) 5867010
655 #7 - INDEX TERM--GENRE/FORM
Genre/form data or focus term Short films.
Source of term gsafd
9 (RLIN) 102711
655 #7 - INDEX TERM--GENRE/FORM
Genre/form data or focus term Animated films.
Source of term gsafd
9 (RLIN) 5867009
710 2# - ADDED ENTRY--CORPORATE NAME
Corporate name or jurisdiction name as entry element Hit Entertainment.
9 (RLIN) 66216
730 0# - ADDED ENTRY--UNIFORM TITLE
Uniform title Bob the builder (Television program)
9 (RLIN) 5867011
942 ## - ADDED ENTRY ELEMENTS (KOHA)
Koha item type DVD
Source of classification or shelving scheme Dewey Decimal Classification
948 ## - LOCAL PROCESSING INFORMATION (OCLC); SERIES PART DESIGNATOR (RLIN)
Series part designator, SPT (RLIN) 10/12/2011
z (OCLC) Sirsi
Holdings
Withdrawn status Lost status Source of classification or shelving scheme Damaged status Not for loan Collection code Home library Current library Shelving location Date acquired Source of acquisition Cost, normal purchase price Total Checkouts Total Renewals Full call number Barcode Checked out Date last seen Date checked out Cost, replacement price Price effective from Koha item type
    Dewey Decimal Classification     Children Movies Wasatch County Library Wasatch County Library Audio Visual Area 10/12/2011   8.99 126 35 E DVD Bob 34301001613779 03/02/2026 02/11/2026 02/11/2026 8.99 03/20/2020 DVD
This project was made possible through a grant from the Institute of Museum and Library Service administered by the Utah State Library Division.

Wasatch County Library

  • 465 East 1200 South, Heber City, Utah 84032
  • Phone 435-654-1511 | Fax 435-654-6456

Hours

  • Monday - Friday 9:30 AM - 8:00 PM
  • Saturday 9:30 AM - 1:30 PM
  • Closed Sundays and Holidays